[Event "Bad Woerishofen"]
[Site "?"]
[Date "2002.??.??"]
[Round "9"]
[White "Seifert, Volker"]
[Black "Pohlers, Juergen"]
[Result "1/2-1/2"]
[WhiteElo "2261"]
[BlackElo "2133"]
[Annotator "ChessOrg"]
[PlyCount "164"]
[EventDate "2002.??.??"]

1. d4 d5 2. c4 c6 3. Nf3 Nf6 4. Nc3 e6 5. e3 Nbd7 6. Bd3 dxc4 7. Bxc4 b5 8. Bd3
Bb7 9. e4 b4 10. Na4 c5 11. e5 Nd5 12. O-O Rc8 13. Ng5 cxd4 14. Nxe6 Rxc1 15.
Rxc1 fxe6 16. Qh5+ g6 17. Qg4 Kf7 18. Qxd4 Qa5 19. b3 Bh6 20. f4 Rc8 21. Rce1
Kg8 22. Be4 N7b6 23. Nxb6 axb6 24. Kh1 Qc5 25. Qd3 Qc3 26. Qe2 Qc7 27. Qg4 Qf7
28. h4 Kh8 29. Rf3 Rc3 30. g3 Bf8 31. Kh2 Bc5 32. Qg5 Be7 33. Qh6 Qg7 34. Qxg7+
Kxg7 35. h5 Bc5 36. hxg6 hxg6 37. Kh3 Rxf3 38. Bxf3 Nxf4+ 39. gxf4 Bxf3 40. Kg3
Bd5 41. Kg4 Kh6 42. Re2 Kg7 43. Re1 Kf7 44. Re2 Be7 45. Kg3 g5 46. Kg4 gxf4 47.
Kxf4 Kg6 48. Re1 Bg5+ 49. Kg4 Bc6 50. Rf1 Be4 51. Rf8 Bf5+ 52. Kf3 Be7 53. Rb8
Bc5 54. Kf4 Bb1 55. Rg8+ Kf7 56. Ra8 Ke7 57. Ra7+ Kd8 58. Kg5 Be7+ 59. Kf4 Ke8
60. Kg4 Kd8 61. Kf4 Bf5 62. Rb7 Bc5 63. Kg5 Kc8 64. Ra7 Bf2 65. Kf6 Bh4+ 66.
Kf7 Kb8 67. Rd7 Kc8 68. Ra7 Bg5 69. Ra4 Bd2 70. Ra7 Be3 71. Kf6 Kb8 72. Rg7 Bd4
73. Rd7 Bc5 74. Rg7 Bf2 75. Rd7 Bh4+ 76. Kf7 Kc8 77. Ra7 Bd8 78. Ra4 Kd7 79.
Rxb4 Kc6 80. a4 Kc5 81. Rb5+ Kc6 82. Rb4 Kc5 1/2-1/2

[Event "Bad Woerishofen"]
[Site "?"]
[Date "2002.??.??"]
[Round "9"]
[White "Koller, Hubert"]
[Black "Bischoff, Dieter"]
[Result "1/2-1/2"]
[WhiteElo "2112"]
[BlackElo "2233"]
[Annotator "ChessOrg"]
[PlyCount "64"]
[EventDate "2002.??.??"]

1. Nf3 Nf6 2. d4 g6 3. Bf4 Bg7 4. Nbd2 d6 5. e4 Nbd7 6. Be2 O-O 7. O-O Re8 8.
h3 e5 9. dxe5 dxe5 10. Be3 Qe7 11. c3 a5 12. Qc2 b6 13. Rfe1 Bb7 14. Bb5 Red8
15. Bg5 h6 16. Bxf6 Bxf6 17. Nf1 c6 18. Be2 Nc5 19. Rad1 Kg7 20. Ne3 h5 21.
Rxd8 Rxd8 22. Rd1 Rxd1+ 23. Nxd1 Nd7 24. a4 Qd6 25. h4 Be7 26. Ne3 Qc7 27. g3
Bc8 28. Kg2 Nf8 29. Nc4 f6 30. Ne3 Bc5 31. Nf1 Be6 32. N1d2 Be7 1/2-1/2

[Event "Bad Woerishofen"]
[Site "?"]
[Date "2002.??.??"]
[Round "9"]
[White "Klaus, Thomas"]
[Black "Bretscher, Robert"]
[Result "1-0"]
[WhiteElo "1717"]
[BlackElo "1644"]
[Annotator "ChessOrg"]
[PlyCount "65"]
[EventDate "2002.??.??"]

1. e4 e5 2. Nf3 Nc6 3. d4 exd4 4. Nxd4 Qf6 5. Be3 a6 6. Nc3 Bb4 7. Qd2 Nge7 8.
O-O-O O-O 9. f4 d6 10. f5 Qh4 11. Nde2 h6 12. g3 Qf6 13. g4 Bc5 14. Bf4 Qh4 15.
g5 hxg5 16. Bxg5 Qf2 17. h4 f6 18. Bf4 Ne5 19. Kb1 Nc4 20. Qd3 Ne3 21. Rc1 Ng4
22. Bh3 Ne5 23. Qd1 Qxh4 24. Bg3 Qh5 25. Qf1 Qf3 26. Qe1 Kf7 27. Rd1 b5 28.
Bxe5 dxe5 29. Rd3 Qf2 30. Qd2 Bb7 31. Nd1 Qh4 32. Bg2 Qg4 33. Rg3 1-0

[Event "Bad Woerishofen"]
[Site "?"]
[Date "2002.??.??"]
[Round "9"]
[White "Straub, Peter"]
[Black "Oberhofer, Max"]
[Result "1/2-1/2"]
[WhiteElo "2120"]
[BlackElo "2223"]
[Annotator "ChessOrg"]
[PlyCount "75"]
[EventDate "2002.??.??"]

1. e4 Nf6 2. e5 Nd5 3. Nc3 Nxc3 4. dxc3 d6 5. Nf3 Nc6 6. Bb5 a6 7. Ba4 e6 8.
Qe2 Be7 9. Bf4 O-O 10. Rd1 b5 11. Bb3 Na5 12. Nd2 d5 13. c4 c5 14. Qg4 f5 15.
exf6 Bxf6 16. Bg3 bxc4 17. Bxc4 dxc4 18. Nxc4 Bd7 19. Rxd7 Qxd7 20. Nxa5 Qb5
21. Nc4 Qc6 22. O-O Rad8 23. c3 Rfe8 24. Re1 Qd5 25. Bc7 Rd7 26. Bg3 g6 27. h3
Qc6 28. Be5 Bg7 29. f4 Qd5 30. b3 Bxe5 31. Nxe5 Qd2 32. Re2 Qd1+ 33. Kh2 Rd2
34. Rxd2 Qxd2 35. Nxg6 hxg6 36. Qxg6+ Kf8 37. Qf6+ Kg8 38. Qg6+ 1/2-1/2

[Event "Bad Woerishofen"]
[Site "?"]
[Date "2002.??.??"]
[Round "9"]
[White "Glas, Stefan"]
[Black "Olzem, Lothar"]
[Result "1/2-1/2"]
[WhiteElo "2109"]
[BlackElo "2185"]
[Annotator "ChessOrg"]
[PlyCount "74"]
[EventDate "2002.??.??"]

1. e4 c5 2. Nf3 Nc6 3. d4 cxd4 4. Nxd4 Nf6 5. Nc3 e5 6. Ndb5 d6 7. Bg5 a6 8.
Na3 b5 9. Nd5 Be7 10. Nxe7 Nxe7 11. Qf3 Bg4 12. Qe3 Ng6 13. f3 Be6 14. c4 bxc4
15. Bxc4 O-O 16. Rd1 Rb8 17. Qd2 Qc8 18. b3 Rd8 19. Qa5 Bxc4 20. Nxc4 d5 21.
Bxf6 gxf6 22. Rxd5 Rxd5 23. Qxd5 Nf4 24. Qd6 Kg7 25. Kf2 Qc5+ 26. Qxc5 Nd3+ 27.
Ke3 Nxc5 28. Rd1 Ne6 29. Rd6 Ra8 30. g3 a5 31. f4 a4 32. fxe5 axb3 33. exf6+
Kxf6 34. axb3 Ra1 35. Rd2 Re1+ 36. Re2 Rxe2+ 37. Kxe2 Nd4+ 1/2-1/2

[Event "Bad Woerishofen"]
[Site "?"]
[Date "2002.??.??"]
[Round "9"]
[White "Schnur, Gerhard"]
[Black "Wallhof, Dieter"]
[Result "0-1"]
[WhiteElo "2145"]
[BlackElo "2061"]
[Annotator "ChessOrg"]
[PlyCount "56"]
[EventDate "2002.??.??"]

1. d4 Nf6 2. c4 c5 3. e3 e6 4. Nc3 d5 5. Nf3 Nc6 6. a3 cxd4 7. exd4 dxc4 8.
Bxc4 Be7 9. O-O O-O 10. b4 Qc7 11. Qb3 a5 12. Nb5 Qd8 13. Bf4 axb4 14. axb4
Rxa1 15. Rxa1 Nd5 16. Bxd5 exd5 17. Ra8 Qb6 18. Qa4 Nxb4 19. h3 Na6 20. Ne5 f6
21. Nc3 fxe5 22. Nxd5 Qe6 23. Nxe7+ Qxe7 24. Bxe5 Qf7 25. Bg3 Be6 26. Rxf8+
Qxf8 27. Qb5 Qc8 28. d5 Qd7 0-1

[Event "Bad Woerishofen"]
[Site "?"]
[Date "2002.??.??"]
[Round "9"]
[White "Mueller, Manfred"]
[Black "Wissinger, Peter"]
[Result "0-1"]
[WhiteElo "2160"]
[BlackElo "1996"]
[Annotator "ChessOrg"]
[PlyCount "50"]
[EventDate "2002.??.??"]

1. e4 c6 2. d4 d5 3. exd5 cxd5 4. c4 Nf6 5. Nc3 e6 6. Nf3 Be7 7. Bf4 O-O 8. a3
b6 9. Nb5 Na6 10. b4 dxc4 11. Bxc4 Bb7 12. O-O Nd5 13. Bg3 Nac7 14. Ne5 a6 15.
Nxc7 Nxc7 16. Rc1 Nd5 17. Qe2 b5 18. Bd3 Rc8 19. Be4 Bf6 20. Ng4 Bg5 21. f4
Rxc1 22. Rxc1 Nxf4 23. Bxf4 Qxd4+ 24. Kf1 Bxf4 25. Rd1 Qxe4 0-1

[Event "Bad Woerishofen"]
[Site "?"]
[Date "2002.??.??"]
[Round "9"]
[White "Fries, Werner"]
[Black "Felser, Martin"]
[Result "0-1"]
[WhiteElo "1664"]
[BlackElo "1847"]
[Annotator "ChessOrg"]
[PlyCount "74"]
[EventDate "2002.??.??"]

1. e4 c5 2. Nf3 d6 3. Nc3 e6 4. d4 cxd4 5. Nxd4 Nf6 6. Be2 a6 7. Be3 Qc7 8. O-O
b5 9. Qd3 Be7 10. Bf3 Bb7 11. Rac1 O-O 12. b4 Nfd7 13. Be2 Ne5 14. Qd2 Nc4 15.
Bxc4 Qxc4 16. Qd3 Qxb4 17. f4 Bf6 18. Nce2 Nd7 19. a3 Qc4 20. Ng3 Rac8 21. Nb3
Qc7 22. Bd4 Bxd4+ 23. Qxd4 Qb6 24. Rfd1 Rfd8 25. Qxb6 Nxb6 26. f5 Nc4 27. Rd3
d5 28. fxe6 fxe6 29. exd5 Bxd5 30. Nd4 g6 31. Re1 e5 32. Nde2 e4 33. Rxd5 Rxd5
34. Nxe4 Re5 35. Nd4 Kg7 36. Nf3 Re7 37. g4 Rce8 0-1

[Event "Bad Woerishofen"]
[Site "?"]
[Date "2002.??.??"]
[Round "9"]
[White "Dreesen, Jan"]
[Black "Specht, Helmut"]
[Result "1-0"]
[WhiteElo "2137"]
[BlackElo "2029"]
[Annotator "ChessOrg"]
[PlyCount "101"]
[EventDate "2002.??.??"]

1. e4 d5 2. exd5 Qxd5 3. Nc3 Qa5 4. d4 c6 5. Bc4 Bf5 6. Qe2 Nf6 7. Bd2 e6 8. d5
cxd5 9. Nxd5 Qd8 10. Nxf6+ Qxf6 11. Bb5+ Nc6 12. O-O-O Rd8 13. Nf3 Bg4 14. Bg5
Rxd1+ 15. Qxd1 Qxg5+ 16. Nxg5 Bxd1 17. Rxd1 Bc5 18. Ne4 Be7 19. Nd6+ Bxd6 20.
Bxc6+ Ke7 21. Bxb7 Rb8 22. Bc6 Rb6 23. Ba4 h5 24. h3 g5 25. c3 a5 26. Kc2 g4
27. Rd3 f5 28. a3 f4 29. hxg4 hxg4 30. f3 gxf3 31. gxf3 Kf6 32. Rd4 Ke7 33. Rc4
Rb8 34. Bc6 e5 35. b4 Bc7 36. Be4 Bd6 37. Rc6 axb4 38. cxb4 Bxb4 39. axb4 Rxb4
40. Kc3 Ra4 41. Rc4 Ra1 42. Kb4 Rd1 43. Kc5 Ke6 44. Kb6 Kd6 45. Rc6+ Ke7 46.
Kc5 Kd7 47. Bf5+ Ke7 48. Re6+ Kf7 49. Bg4 Rd2 50. Rxe5 Kg6 51. Rf5 1-0